000 00788nam a2200229Ia 4500
001 8893
003 GE_BSU
008 181216s||||||||xx |||||||||||||| ||und||
040 _cGE_BSU
080 _a82-93:821.353.1-32
100 _aკეცხოველი,ნიკო
245 _aარსიანიდან მოვდივარ მომიხარია
245 _bმოთხრობები
245 _cრედ. ნ.ქართველიშვილი
260 _aთბილისი
260 _bნაკადული
260 _c1974
300 _a291გვ.ილ.22სმ.
653 _aარსიანიდან მოვდივარ მომიხარია
653 _aმოთხრობები
942 _cBK
999 _c42200
_d42200